Salles de concerts de 1000 places et + à Paris sur une carte - Statistiques

Statistiques générales
  • Ce quiz a été pris 141 fois
  • Le résultat moyen est 5 sur 15
Réponses sur la Carte
Les réponses sont colorées sur une échelle allant du rouge au vert en fonction du pourcentage des utilisateurs qui les ont devinées à leur premier essai. Vous pouvez retrouver ces pourcentages ci-dessous.
 
Statistiques - réponses
Nom des salles Nombre de places % Correct
Accor Arena 20 300
94%
Zénith Paris - La Villette 5 830
77%
Olympia 4 790
73%
Bataclan 1 500
65%
Cigale 1 400
43%
Grande Salle - Philharmonie de Paris 2 400
28%
Salle Pleyel 2 030
26%
Dôme de Paris - Palais des Sports 5 300
24%
Auditorium - Maison de la Radio et de la Musique 1 461
17%
Élysée Montmartre 1 000
17%
Casino de Paris 3 500
15%
Cabaret Sauvage 1 200
10%
Gaîté Lyrique 1 050
10%
Théâtre des Champs-Élysées 1 900
7%
Salle Gaveau 1 020
3%
Aucun quiz correspondant
Distribution des résultats
% des personnes avec chaque résultat
Percentile par nombre de réponses
Votre historique - résultats
Vous n’avez pas pris ce quiz